|
|
|
|
| LEADER |
03718nam a22005175i 4500 |
| 001 |
978-1-84882-352-5 |
| 003 |
DE-He213 |
| 005 |
20151125161159.0 |
| 007 |
cr nn 008mamaa |
| 008 |
100301s2009 xxk| s |||| 0|eng d |
| 020 |
|
|
|a 9781848823525
|9 978-1-84882-352-5
|
| 024 |
7 |
|
|a 10.1007/978-1-84882-352-5
|2 doi
|
| 040 |
|
|
|d GrThAP
|
| 050 |
|
4 |
|a QA76.9.U83
|
| 050 |
|
4 |
|a QA76.9.H85
|
| 072 |
|
7 |
|a UYZG
|2 bicssc
|
| 072 |
|
7 |
|a COM070000
|2 bisacsh
|
| 082 |
0 |
4 |
|a 005.437
|2 23
|
| 082 |
0 |
4 |
|a 4.019
|2 23
|
| 245 |
1 |
0 |
|a New Trends on Human–Computer Interaction
|h [electronic resource] :
|b Research, Development, New Tools and Methods /
|c edited by José A. Macías, Antoni Granollers Saltiveri, Pedro M. Latorre.
|
| 264 |
|
1 |
|a London :
|b Springer London,
|c 2009.
|
| 300 |
|
|
|a XIV, 166 p. 47 illus.
|b online resource.
|
| 336 |
|
|
|a text
|b txt
|2 rdacontent
|
| 337 |
|
|
|a computer
|b c
|2 rdamedia
|
| 338 |
|
|
|a online resource
|b cr
|2 rdacarrier
|
| 347 |
|
|
|a text file
|b PDF
|2 rda
|
| 505 |
0 |
|
|a An Automatic Rule-Based Translation System to Spanish Sign Language (LSE) -- Influence of Binocular Disparity in Depth Perception Mechanisms in Virtual Environments -- Semantic Web Interfaces for Newspaper Multimedia Content Management -- Designing an Interactive Installation for Children to Experience Abstract Concepts -- Design of Videogames in Special Education -- The InterMod Methodology: An Interface Engineering Process Linked with Software Engineering Stages -- Designing more Usable Business Models into the RUP -- A Review of Notations for Conceptual Modeling of Groupware Systems -- Conceptual and Practical Framework for the Integration of Multimodal Interaction in 3D Worlds -- Designing User Interfaces for Collaborative Applications: A Model-Based Approach -- Evaluation of Text Input Techniques in Immersive Virtual Environments -- Dealing with Abstract Interaction Modeling in an MDE Development Process: A Pattern-Based Approach -- WebA Mobile (Web Analysis Mobile): Assistance Tool for the Design and Evaluation of Websites for Mobile Devices -- Requirement Gathering Templates for Groupware Applications -- Emotional Speech Synthesis in Spanish for Natural Interaction.
|
| 520 |
|
|
|a New Trends on Human-Computer Interaction comprises a variety of breakthroughs and recent advances on Human-Computer Interaction intended for both researchers and practitioners. Important issues covered include cutting-edge topics such as Semantic Web Interfaces, Natural Language Processing and Mobile Interaction, as well as new methodological trends such as Interface-Engineering techniques, User-Centred Design, Usability, Accessibility, Development Methodologies and Emotional User Interfaces. This collection of chapters is made up from a selection of high-quality selected papers from Interaccion 2007, the most important HCI conference sponsored by AIPO (the Spanish HCI Association).
|
| 650 |
|
0 |
|a Computer science.
|
| 650 |
|
0 |
|a Software engineering.
|
| 650 |
|
0 |
|a Multimedia information systems.
|
| 650 |
|
0 |
|a User interfaces (Computer systems).
|
| 650 |
1 |
4 |
|a Computer Science.
|
| 650 |
2 |
4 |
|a User Interfaces and Human Computer Interaction.
|
| 650 |
2 |
4 |
|a Software Engineering.
|
| 650 |
2 |
4 |
|a Multimedia Information Systems.
|
| 650 |
2 |
4 |
|a Information Systems Applications (incl. Internet).
|
| 700 |
1 |
|
|a Macías, José A.
|e editor.
|
| 700 |
1 |
|
|a Granollers Saltiveri, Antoni.
|e editor.
|
| 700 |
1 |
|
|a Latorre, Pedro M.
|e editor.
|
| 710 |
2 |
|
|a SpringerLink (Online service)
|
| 773 |
0 |
|
|t Springer eBooks
|
| 776 |
0 |
8 |
|i Printed edition:
|z 9781848823518
|
| 856 |
4 |
0 |
|u http://dx.doi.org/10.1007/978-1-84882-352-5
|z Full Text via HEAL-Link
|
| 912 |
|
|
|a ZDB-2-SCS
|
| 950 |
|
|
|a Computer Science (Springer-11645)
|